|
|
|
|
| LEADER |
00000nam0a2200000 4500 |
| 001 |
21262 |
| 005 |
20231101205420.0 |
| 035 |
|
|
|a (RuTPU)RU\TPU\book\21460
|
| 035 |
|
|
|a BOOK00021530
|
| 090 |
|
|
|a 21262
|
| 100 |
|
|
|a 20011209d1969 km y0rusy50 ca
|
| 101 |
0 |
|
|a rus
|
| 102 |
|
|
|a RU
|
| 105 |
|
|
|a a z 000zb
|
| 200 |
1 |
|
|a Очерк общей истории химии. От древнейших времен до начала XIX в.
|f Н. А. Фигуровский
|
| 210 |
|
|
|a Москва
|c Наука
|d 1969
|
| 215 |
|
|
|a 455 с.
|c ил.
|
| 320 |
|
|
|a Указ. имен: с. 439-444
|
| 320 |
|
|
|a Предм. указ.: с. 445-455.
|
| 600 |
|
1 |
|a Ломоносов
|g Михаил Васильевич
|b М. В.
|c учёный-естествоиспытатель, поэт, историк, художник, деятель просвещения, науки и экономики
|f 1711 - 1765
|2 stltpui
|3 (RuTPU)RU\TPU\pers\975
|
| 600 |
|
1 |
|a Бойль
|b Р.
|c английский химик и физик
|f 1627-1691
|g Роберт
|2 stltpush
|3 (RuTPU)RU\TPU\pers\4361
|9 962
|
| 600 |
|
1 |
|a Шталь (Сталь)
|b Г. Э.
|c немецкий химик
|f 1659-1734
|g Георг Эрнст
|c врач
|2 stltpush
|3 (RuTPU)RU\TPU\pers\7101
|
| 600 |
|
1 |
|a Лавуазье
|b А. Л.
|c французский химик
|c общественный деятель
|f 1743-1794
|g Антуан Лоран
|2 stltpush
|3 (RuTPU)RU\TPU\pers\1680
|9 709
|
| 606 |
1 |
|
|a Химия
|x История
|2 stltpush
|3 (RuTPU)RU\TPU\subj\58903
|9 76591
|
| 610 |
1 |
|
|a Древний мир
|
| 610 |
1 |
|
|a античность
|
| 610 |
1 |
|
|a средние века
|
| 610 |
1 |
|
|a эпоха Возрождения
|
| 610 |
1 |
|
|a флогистон
|
| 610 |
1 |
|
|a 15 век
|
| 610 |
1 |
|
|a 16 век
|
| 610 |
1 |
|
|a 17 век
|
| 610 |
1 |
|
|a 18 век
|
| 610 |
1 |
|
|a 19 век
|
| 610 |
1 |
|
|a кислородная теория
|
| 610 |
1 |
|
|a Европа
|
| 610 |
1 |
|
|a Россия
|
| 610 |
1 |
|
|a алхимия
|
| 610 |
1 |
|
|a химические науки
|
| 675 |
|
|
|a 54(09)
|v 3
|
| 700 |
|
1 |
|a Фигуровский
|b Н. А.
|g Николай Александрович
|
| 801 |
|
0 |
|a RU
|b 63413507
|c 20011209
|g PSBO
|
| 801 |
|
2 |
|a RU
|b 63413507
|c 20220606
|g PSBO
|
| 900 |
|
|
|a История и методология химической технологии
|
| 942 |
|
|
|c BK
|